|
|
|
|
| LEADER |
00000nab a2200000 ar4500 |
| 001 |
vtls010612910 |
| 003 |
SK-MaSNL |
| 005 |
20260303231051.0 |
| 008 |
140805c2014 xo sr|p|||||||000 b|slo |
| 038 |
|
|
|a PPPK
|
| 040 |
|
|
|a PPPKCL
|b slo
|c PPPKCL
|e AACR2
|
| 041 |
0 |
|
|a slo
|
| 044 |
|
|
|a xo
|c SK
|
| 080 |
|
|
|a 373/378:7
|2 2001
|
| 080 |
|
|
|a 786.2:7.092
|2 2001
|
| 100 |
1 |
|
|a Abtová, Ivana
|4 aut
|9 598958
|
| 245 |
1 |
0 |
|a Mladí kežmarskí klavíristi na súťaži vo Weilburgu
|c Ivana Abtová
|
| 300 |
|
|
|b Fotogr.
|
| 610 |
2 |
7 |
|a Základná umelecká škola Antona Cígera (Kežmarok, Slovensko)
|2 pppkcl
|9 546120
|
| 648 |
|
7 |
|a 10.5.2014
|2 pppkcl
|9 1093247
|
| 650 |
0 |
7 |
|a umelecké školy
|2 pppkcl
|9 29319
|
| 650 |
0 |
7 |
|a klavírne skladby
|2 pppkcl
|9 81654
|
| 650 |
0 |
7 |
|a súťaže
|2 pppkcl
|9 3301
|
| 651 |
|
7 |
|a Weilburg (Nemecko)
|2 pppkcl
|9 54519
|
| 651 |
|
7 |
|a Kežmarok (Slovensko)
|2 pppkcl
|9 26808
|
| 773 |
0 |
|
|t Kežmarok
|g Roč. XXII, č. 10 (2014), s. 7
|
| 852 |
|
|
|a PPPK
|b KIS3GCP
|
| 856 |
4 |
1 |
|u http://www.kezmarok.sk/obcan/clanky/noviny_kezmarok_archiv-95.htm
|
| 999 |
|
|
|c 2265026
|d 2266956
|